000 00399nam a22001697a 4500
003 MPLRDC
005 20220104123656.0
008 210129b ||||| |||| 00| 0 eng d
082 _a177 SCYF
100 _a丝川英夫
245 _a厚黑时间术
_c天王译
250 _a初版
260 _a
_b培琳出版社
_c1994
300 _b
650 _a应用心理学
942 _cBK
_o177 SCYF
999 _c13308
_d13298